| 000 | 00418nam a2200157Ia 4500 | ||
|---|---|---|---|
| 008 | 210210b1990 xxu||||| |||| 00| 0 eng d | ||
| 020 | _a0 07 451770 8 | ||
| 082 | _a331 MONI | ||
| 100 | _aMONAPPA (Arun). | ||
| 245 | _aIndustrial relations. | ||
| 260 |
_aND _bTata McGraw-Hill Publishing Company Ltd. _c1990 |
||
| 300 | _axii,388 | ||
| 650 | _aIndustrial relations | ||
| 690 | _aLabour Economics | ||
| 906 | _a045157 | ||
| 999 |
_c94517 _d94517 |
||